00594nam a22002057a 450000500170000001000150001702000260003203500140005803700130007208200110008510000250009624500580012126000420017927000650022130000250028650000220031170000190033370000190035270000170037120180927143100.0 aENG-124073 a9788180903045c695.00 aEN-107605 bDBAD/PUB a181.41 aBrahma, Nalini Kanta aPhilosophy of hindu sadhana /cby Nalini Kanta Brahma aDelhibBharatiya Kala Prakashanc2017 bDelhie110035a3421-A, IInd Floor, Narang Colony, Tri Nagar, aix,343p.c21cm.(Hb.) aIt includes index a Chauhan, G.S. aSubhash Cahnd  aRamesh Kumar